Pozitivismus a normativismus v teorii mezinárodních vztahů

Článok je reakciou na diskusiu dvoch autorov článkov z predchádzajúcich čísel časopisu M. Loužka a P. Druláka. Výhrady proti ponímaniu filozofie vedy M. Loužka a proti jeho skreslenému pohľadu na teóriu medzinárodných vzťahov. Do akej miery je (ne)možné chápať normativizmus ako opak pozitivizmu. Ana...

Descrizione completa

Salvato in:
Dettagli Bibliografici
Autore principale: Kratochvíl, Petr
Natura: Capitolo di libro
Lingua:ceco
Soggetti:
Tags: Aggiungi Tag
Nessun Tag, puoi essere il primo ad aggiungerne!!

MARC

LEADER 00000naa$a2200000$$$4500
001 0045029
005 20231016100242.3
041 0 |a cze 
044 |a CZ 
245 1 0 |a Pozitivismus a normativismus v teorii mezinárodních vztahů  |c Petr Kratochvíl 
520 |a Článok je reakciou na diskusiu dvoch autorov článkov z predchádzajúcich čísel časopisu M. Loužka a P. Druláka. Výhrady proti ponímaniu filozofie vedy M. Loužka a proti jeho skreslenému pohľadu na teóriu medzinárodných vzťahov. Do akej miery je (ne)možné chápať normativizmus ako opak pozitivizmu. Analýza niektorých teórií medzinárodných vzťahov a poukázanie na slabé stránky výkladu M. Loužka. Pozitivistické teórie a potreba objektívneho, epistemologicky neutrálneho prístupu ku skutočnosti. Nejednoznačný vzťah M. Loužka ku konceptu pokroku. Diskusie medzi pozitivistami a postpozitivistami v teórii medzinárodných vzťahov. 
610 2 0 |a epistemológia 
610 2 0 |a vzťahy medzinárodné 
610 2 0 |a spoločnosť 
610 2 0 |a veda 
610 2 0 |a vedy spoločenské 
610 2 0 |a výskum 
610 2 0 |a pokrok 
100 1 |a Kratochvíl, Petr